[Event "Irkutsk Baykal op"]
[Site "Irkutsk"]
[Date "2015.07.24"]
[Round "6"]
[White "Shelk, Alexander"]
[Black "Galenpolsky, Mikhail"]
[Result "1-0"]
[WhiteElo "2331"]
[BlackElo "1734"]
[PlyCount "87"]
[EventDate "2015.07.18"]
[EventType "swiss"]
[EventRounds "9"]
[EventCountry "RUS"]
[SourceTitle "EXT 2016"]
[Source "ChessBase"]
[SourceDate "2015.10.08"]
[SourceVersion "1"]
[SourceVersionDate "2015.10.08"]
[SourceQuality "1"]

1. d4 d5 2. c4 e6 3. Nc3 Be7 4. Nf3 Nf6 5. Bg5 Nbd7 6. e3 0-0 7. Rc1 c6 8. Bd3 Re8 9. 0-0 Nf8 10. Ne5 Ne4 11. Nxe4 Bxg5 12. Nxf7 Kxf7 13. Qh5+ g6 14. Nxg5+ Kg7 15. Qh4 Qe7 16. Qg3 Nd7 17. f4 Nf6 18. Nf3 Bd7 19. Ne5 Rf8 20. Qg5 Rae8 21. Bxg6 hxg6 22. Rf3 Rg8 23. Nxg6 Ne4 24. Qxe7+ Rxe7 25. Nxe7 Re8 26. Nxd5 exd5 27. cxd5 Bg4 28. dxc6 Bxf3 29. gxf3 Nd6 30. cxb7 Rb8 31. Rc7+ Kf6 32. b4 Nxb7 33. Rc6+ Ke7 34. Ra6 Nd6 35. Rxa7+ Kf8 36. Ra6 Nc4 37. e4 Rxb4 38. Kf2 Rb2+ 39. Kg3 Ne3 40. f5 Rg2+ 41. Kf4 Nc2 42. d5 Rxh2 43. d6 Rd2 44. e5 1-0

[Event "Irkutsk Baykal op"]
[Site "Irkutsk"]
[Date "2015.07.23"]
[Round "5"]
[White "Kyshtymov, Daniil"]
[Black "Shelk, Alexander"]
[Result "1/2-1/2"]
[WhiteElo "1834"]
[BlackElo "2331"]
[PlyCount "83"]
[EventDate "2015.07.18"]
[EventType "swiss"]
[EventRounds "9"]
[EventCountry "RUS"]
[SourceTitle "EXT 2016"]
[Source "ChessBase"]
[SourceDate "2015.10.08"]
[SourceVersion "1"]
[SourceVersionDate "2015.10.08"]
[SourceQuality "1"]

1. e4 c5 2. c3 Nf6 3. e5 Nd5 4. d4 cxd4 5. cxd4 d6 6. Nf3 Nc6 7. Bc4 e6 8. a3 Nb6 9. Bd3 dxe5 10. dxe5 Nd7 11. Bf4 Qa5+ 12. Bd2 Qc7 13. 0-0 Ndxe5 14. Nxe5 Qxe5 15. Bc3 Qg5 16. Nd2 Be7 17. Ne4 Qh6 18. Bd2 Qh4 19. f4 f5 20. Ng5 Bxg5 21. g3 Qh6 22. fxg5 Qg6 23. Be2 Qf7 24. Bh5 g6 25. Bf3 e5 26. Qe2 Be6 27. Bxc6+ bxc6 28. Qxe5 0-0-0 29. Bf4 Kb7 30. Rfe1 Rhe8 31. Qc5 Bd5 32. Be3 Ka8 33. Rad1 Rd7 34. Rd4 Re4 35. Kf2 Rxd4 36. Qxd4 Be4 37. Qb4 Rb7 38. Qd4 Rd7 39. Qc3 Qd5 40. Re2 Bg2 41. Bd2 Be4 42. Be3 1/2-1/2

[Event "Angarsk Alfa Cup 1st"]
[Site "Angarsk"]
[Date "2015.05.22"]
[Round "4"]
[White "Mjakonkikh, Dmitry"]
[Black "Shelk, Alexander"]
[Result "1-0"]
[WhiteElo "2226"]
[BlackElo "2331"]
[PlyCount "103"]
[EventDate "2015.05.19"]
[EventType "tourn"]
[EventRounds "11"]
[EventCountry "RUS"]
[SourceTitle "EXT 2016"]
[Source "ChessBase"]
[SourceDate "2015.10.08"]
[SourceVersion "1"]
[SourceVersionDate "2015.10.08"]
[SourceQuality "1"]

1. d4 e6 2. c4 b6 3. e4 Bb7 4. Bd3 f5 5. exf5 Bb4+ 6. Kf1 Nf6 7. c5 bxc5 8. a3 c4 9. Bxc4 Ba5 10. fxe6 dxe6 11. Nf3 0-0 12. Nbd2 Nd5 13. Nb3 Bb6 14. Qe2 Nf4 15. Bxf4 Rxf4 16. Qxe6+ Kh8 17. Ne5 Nc6 18. Nf7+ Rxf7 19. Qxf7 Bxd4 20. Rd1 Ne5 21. Qf4 Nxc4 22. Rxd4 Nd6 23. Nc5 Bc6 24. h4 Qe7 25. Qg5 Bb5+ 26. Kg1 Qe2 27. Kh2 h6 28. Qf4 Re8 29. b4 Re5 30. Qd2 Qh5 31. Re1 Be2 32. f3 Nf5 33. Re4 Rxe4 34. Nxe4 Qxh4+ 35. Kg1 Bc4 36. Rc1 Nd6 37. Nxd6 cxd6 38. Qxd6 a6 39. Qc5 Bg8 40. a4 Qf6 41. b5 axb5 42. axb5 Qb2 43. b6 Be6 44. Re1 Bd7 45. Rd1 Qe2 46. Rc1 Qb2 47. Rd1 Qe2 48. Qd4 Bc6 49. Rc1 Bxf3 50. gxf3 Qxf3 51. Rc3 Qb7 52. Rc7 1-0